01591nam a2200385Ia 4500001001200000003000800012006001900020007001500039008004100054010001700095020001800112020003100130040002100161035002100182050002400203082002100227245014600248260005600394300001700450440004900467504005100516533015200567650004100719650004500760650003700805650004300842650004300885651003500928655002900963700002800992700002501020710001701045856012601062999001701188ebr10738893CaPaEBRm o u cr cn|||||||||130225s2013 flu sb 001 0 eng d z 2013007062 z9780813048376 z9780813044774 (alk. paper) aCaPaEBRcCaPaEBR a(OCoLC)85706969614aE185.2b.A34 2013eb04a306.3/62097322300aAfter slaveryh[electronic resource] :brace, labor, and citizenship in the reconstruction South /cedited by Bruce E. Baker and Brian Kelly. aGainesville :bUniversity Press of Florida,cc2013. aviii, 266 p. 0aNew perspectives on the history of the South aIncludes bibliographical references and index. aElectronic reproduction.bPalo Alto, Calif. :cebrary,d2013.nAvailable via World Wide Web.nAccess may be limited to ebrary affiliated libraries. 0aSlavesxEmancipationzUnited States. 0aReconstruction (U.S. history, 1865-1877) 0aSlaveryzUnited StatesxHistory. 0aAfrican AmericansxHistoryy1863-1877. 0aAfrican AmericansxHistoryy1877-1964. 0aUnited StatesxRace relations. 7aElectronic books.2local1 aBaker, Bruce E.,d1971-1 aKelly, Brian,d1958-2 aebrary, Inc.40uhttp://site.ebrary.com/lib/rucke/Doc?id=10738893zAn electronic book accessible through the World Wide Web; click to view c36402d36402